Films de Sony Pictures Animation - Statistiques

Statistiques générales
  • Ce quiz a été pris 40 fois
    23 depuis la dernière actualisation
  • Le résultat moyen est 8 sur 27
Statistiques - réponses
Hint Réponse % Correct
2023 Spider-Man : Across the Spider-Verse
75%
2018 Spider-Man : New Generation
75%
2012 Hôtel Transylvanie
56%
2025 K-Pop Demon Hunters
56%
2015 Hôtel Transylvanie 2
50%
2018 Hôtel Transylvanie 3 : Des vacances monstrueuses
50%
2017 Le Monde secret des Emojis
38%
2006 Les Rebelles de la forêt
38%
2009 Tempête de boulettes géantes
38%
2022 Hôtel Transylvanie : Changements monstres
31%
2011 Les Schtroumpfs
31%
2013 Les Schtroumpfs 2
31%
2014 L'Île des Miam-nimaux : Tempête de boulettes géantes 2
31%
2021 Les Mitchell contre les machines
25%
2007 Les Rois de la glisse
25%
2017 Les Schtroumpfs et le Village perdu
25%
2019 Angry Birds : Copains comme cochons
19%
2016 Chair de poule, le film
13%
2017 L'Etoile de Noël
13%
2018 Pierre Lapin
13%
2018 Chair de poule 2 : Les Fantômes d'Halloween
6%
2025 Couic !
6%
2021 Le Dragon-génie
6%
2012 Les Pirates ! Bons à rien, mauvais en tout
6%
2011 Mission : Noël
6%
2021 Vivo
6%
2006 Monster House
0%
Aucun quiz correspondant
Distribution des résultats
% des personnes avec chaque résultat
Percentile par nombre de réponses
Votre historique - résultats
Vous n’avez pas pris ce quiz depuis la dernière actualisation